Skocznie narciarskie na mapie Polski - Statystyki

Ogólne statystyki
  • Ten quiz został rozwiązany 364 razy
  • Średni wynik to 4 z 9
Odpowiedzi na mapie
Odpowiedzi zakodowano w zielono-czerwonej skali na mapie do tego quizu, zgodnie z poniższymi procentami.
 
Statystyki odpowiedzi
Skocznia % Poprawnych
Zakopane
98%
Wisła
96%
Szczyrk
86%
Karpacz
60%
Bielsko-Biała
19%
Chochołów
14%
Lubawka
14%
Zagórz
12%
Gilowice
5%
Nie znaleziono quizów pasujących do podanych kryteriów
Rozkład punktacji
Procent ludzi z każdym wynikiem
Percentyl według liczby udzielonych odpowiedzi
Twoja historia wyników
Nie rozwiązałeś tego quizu